Teoretické východiská andragogického skúmania voľného času dospelých

Analýza významu a možností využitia voľného času vo vzťahu k výchove a vzdelávaniu dospelých. Voľný čas v živote dospelých a možnosť ho edukačne zhodnocovať.

Salvato in:
Dettagli Bibliografici
Autore principale: Krystoň, Miroslav
Natura: Capitolo di libro
Lingua:slovacco
Soggetti:
Tags: Aggiungi Tag
Nessun Tag, puoi essere il primo ad aggiungerne!!

MARC

LEADER 00000naa$a2200000$$$4500
001 0068393
005 20230918125519.3
041 0 |a slo 
044 |a SK 
245 1 0 |a Teoretické východiská andragogického skúmania voľného času dospelých  |c Miroslav Krystoň 
520 |a Analýza významu a možností využitia voľného času vo vzťahu k výchove a vzdelávaniu dospelých. Voľný čas v živote dospelých a možnosť ho edukačne zhodnocovať. 
610 2 0 |a čas voľný 
610 2 0 |a dospelí 
610 2 0 |a vzdelávanie dospelých 
100 1 |a Krystoň, Miroslav